| 000 | 01429nam a2200265 i 4500 | ||
|---|---|---|---|
| 001 | 157574 | ||
| 003 | ES-MaACL | ||
| 005 | 20250721062637.0 | ||
| 008 | 021011m18971905it |||| | ita d | ||
| 040 |
_aCCPB | B _bspa _cCCPB | B |
||
| 100 | 1 |
_aLeroy-Beaulieu, Paul, _d1843-1916 _971810 |
|
| 245 | 1 | 0 |
_aTrattato teorico-pratico di economia politica / _cdi Paolo Leroy-Beaulieu ; traduzione dell'Avv. Ludovico Eusebio [e] degli avvocati Luigi Einaudi e Raffaele Cognetti. Principii di economica / di Alfredo Marshall ; prima versione italiana ... sulla quarta edizione inglese a cura degli avvocati A. Albertini e L. Eusebio ... ; prefazione ai volumi IX e X della Biblioteca dell'economista - IV serie di Pasquale Jannaccone. |
| 260 |
_aTorino : _bUnione Tipografico-Editrice Torinese, _c1897-1905. |
||
| 300 |
_a3 v. (994 ; 1074 ; 789, 86 p.) ; _c24 cm. |
||
| 490 | 1 |
_aBiblioteca dell'economista : scelta collezione delle più importanti produzioni di economia politica antiche e moderne, italiane e straniere. Quarta serie ; _v9 |
|
| 650 | 7 |
_aEconomía _2embne _912006 |
|
| 650 | 4 |
_aPolítica económica. _916293 |
|
| 700 | 1 |
_aEusebio, Ludovico. _9126986 |
|
| 700 | 1 |
_aEinaudi, Luigi. _9126921 |
|
| 700 | 0 |
_aCognetti de Martiis, L. _939477 |
|
| 700 | 1 |
_aAlbertini, A. _9125580 |
|
| 830 | 0 | 0 |
_aBiblioteca dell economista _v9 _9188577 |
| 852 |
_aES-MaACL _jB-8998-9000 _z- Enc. hol. |
||
| 999 |
_c157574 _d157574 |
||